Top 16 des chaises de salle à manger IKEA - Statistiques

Statistiques générales
  • Ce quiz a été pris 19 fois
  • Le résultat moyen est 11 sur 16
Statistiques - réponses
Par images Réponse % Correct
ADDE
80%
BERGMUND
80%
EKEDALEN
80%
LISABO
80%
NORDMYRA
80%
TOSSBERG
80%
VOXLÖV
80%
KARLPETTER
60%
KLINTEN
60%
KRYLBO
60%
MÅRENÄS
60%
ÖSTANÖ
60%
SKANSNÄS
60%
SKOGSTA
60%
STEFAN
60%
ODGER
40%
Aucun quiz correspondant
Distribution des résultats
% des personnes avec chaque résultat
Percentile par nombre de réponses
Votre historique - résultats
Vous n’avez pas pris ce quiz